[Event "AUT-chT 0809"]
[Site "Austria"]
[Date "2009.01.24"]
[Round "6.6"]
[White "Deglmann, Ludwig"]
[Black "Tkaczuk, Rainer"]
[Result "0-1"]
[WhiteElo "2325"]
[BlackElo "2271"]
[PlyCount "126"]
[EventDate "2008.11.07"]
[EventType "team-tourn"]
[EventRounds "11"]
[EventCountry "AUT"]
[SourceTitle "EXT 2010"]
[Source "ChessBase"]
[SourceDate "2010.11.25"]
[SourceVersion "1"]
[SourceVersionDate "2010.11.25"]
[SourceQuality "1"]
[WhiteTeam "Jenbach"]
[BlackTeam "Ansfelden"]
[WhiteTeamCountry "AUT"]
[BlackTeamCountry "AUT"]

1. g3 e5 2. c4 h5 3. Bg2 Nc6 4. Nc3 Be7 5. Nf3 d6 6. d4 Bg4 7. d5 Nb8 8. h3 Bxf3 9. Bxf3 Nd7 10. h4 Ngf6 11. e4 a5 12. Be3 Nc5 13. Kf1 Qd7 14. Kg2 Ng4 15. Bxg4 hxg4 16. Bxc5 dxc5 17. Qe2 g6 18. Raf1 Bd6 19. f3 gxf3+ 20. Qxf3 Rh7 21. h5 0-0-0 22. hxg6 fxg6 23. Qf6 Rg8 24. Rxh7 Qxh7 25. Nb5 Qd7 26. Qf7 Qxf7 27. Rxf7 g5 28. Nc3 Kd8 29. Nd1 Rh8 30. Ne3 a4 31. Nf5 Bf8 32. Rf6 Be7 33. Re6 Rh7 34. b3 a3 35. Rxe5 Bf6 36. Re6 Bc3 37. Rg6 c6 38. d6 b5 39. Rg8+ Kd7 40. Rb8 Rh8 41. Rb7+ Ke6 42. cxb5 cxb5 43. Rxb5 Rc8 44. Rb7 Bf6 45. Rc7 Rb8 46. Rxc5 g4 47. Ne3 Bd4 48. Ra5 Bxe3 49. Rxa3 Rb4 50. Ra8 Kxd6 51. Re8 Kd7 52. Re5 Rd4 53. a4 Rb4 54. Kf1 Rxb3 55. Ke2 Bg1 56. a5 Rxg3 57. a6 Ra3 58. Kf1 Be3 59. Ke2 g3 60. Rd5+ Ke6 61. Kf3 Bf2+ 62. Kg2 Rxa6 63. Rh5 Ra3 0-1

[Event "AUT-chT2M 0708"]
[Site "Austria"]
[Date "2008.01.25"]
[Round "5.3"]
[White "Tkaczuk, Rainer"]
[Black "Hofmair, Klaus"]
[Result "1/2-1/2"]
[WhiteElo "2271"]
[BlackElo "2278"]
[PlyCount "33"]
[EventDate "2007.10.13"]
[EventType "team"]
[EventRounds "11"]
[EventCountry "AUT"]
[SourceTitle "EXT 2009"]
[Source "ChessBase"]
[SourceDate "2008.11.26"]
[SourceVersion "1"]
[SourceVersionDate "2008.11.26"]
[SourceQuality "1"]
[WhiteTeam "Ansfelden II"]
[BlackTeam "Voecklabruck"]
[WhiteTeamCountry "AUT"]
[BlackTeamCountry "AUT"]

1. e4 e5 2. Nf3 Nc6 3. Bb5 f5 4. Nc3 fxe4 5. Nxe4 Nf6 6. Nxf6+ Qxf6 7. Qe2 Be7 8. Bxc6 dxc6 9. Qxe5 Bg4 10. Qxf6 Bxf6 11. c3 Bxf3 12. gxf3 0-0 13. d4 Be7 14. Ke2 Rf5 15. Be3 Raf8 16. Rhg1 Rxf3 17. Rg3 1/2-1/2

[Event "AUT-chT2M 0506"]
[Site "Austria"]
[Date "2006.03.05"]
[Round "9.1"]
[White "Zechner, Gernot"]
[Black "Tkaczuk, Rainer"]
[Result "1/2-1/2"]
[WhiteElo "2169"]
[BlackElo "2261"]
[PlyCount "43"]
[EventDate "2005.10.08"]
[EventType "team"]
[EventRounds "11"]
[EventCountry "AUT"]
[SourceTitle "EXT 2006"]
[Source "ChessBase"]
[SourceDate "2005.11.24"]
[SourceVersion "1"]
[SourceVersionDate "2005.11.24"]
[SourceQuality "1"]
[WhiteTeam "Wolfsberg"]
[BlackTeam "Ansfelden II"]
[WhiteTeamCountry "AUT"]
[BlackTeamCountry "AUT"]

1. e4 g6 2. d4 Bg7 3. Nc3 c5 4. Nf3 cxd4 5. Nxd4 Nc6 6. Be3 Nf6 7. Bc4 0-0 8. 0-0 Nxe4 9. Nxe4 d5 10. Nxc6 bxc6 11. Bd3 dxe4 12. Bxe4 Qc7 13. c3 f5 14. Bf3 e5 15. Qa4 e4 16. Bd1 f4 17. Bb3+ Kh8 18. Bc5 Rf5 19. Bd4 Bb7 20. Bc2 Bxd4 21. Qxd4+ Re5 22. Rad1 1/2-1/2

[Event "AUT-chT2M 0506"]
[Site "Austria"]
[Date "2005.10.09"]
[Round "2.1"]
[White "Frosch, Ronald"]
[Black "Tkaczuk, Rainer"]
[Result "1/2-1/2"]
[WhiteElo "2213"]
[BlackElo "2261"]
[PlyCount "93"]
[EventDate "2005.10.08"]
[EventType "team"]
[EventRounds "11"]
[EventCountry "AUT"]
[SourceTitle "EXT 2006"]
[Source "ChessBase"]
[SourceDate "2005.11.24"]
[SourceVersion "1"]
[SourceVersionDate "2005.11.24"]
[SourceQuality "1"]
[WhiteTeam "Gleisdorf"]
[BlackTeam "Ansfelden II"]
[WhiteTeamCountry "AUT"]
[BlackTeamCountry "AUT"]

1. d4 g6 2. Nf3 Bg7 3. c3 Nf6 4. Bg5 0-0 5. Nbd2 d5 6. e3 c6 7. Be2 Nbd7 8. 0-0 Re8 9. b4 a5 10. b5 c5 11. Rb1 b6 12. Ne5 Bb7 13. f4 Qc7 14. Bd3 e6 15. g4 Ne4 16. Bxe4 dxe4 17. Nxd7 Qxd7 18. f5 cxd4 19. cxd4 Rac8 20. f6 Bf8 21. Bf4 Rc3 22. Rb3 Rec8 23. Rxc3 Rxc3 24. Nb1 Rd3 25. Qc2 e5 26. dxe5 Qxg4+ 27. Kh1 Bc5 28. Qg2 Qd7 29. Qe2 Qxb5 30. e6 fxe6 31. f7+ Kxf7 32. Bh6+ Ke8 33. Qf2 Qd7 34. Qf6 Qe7 35. Qh8+ Kd7 36. Qg8 Kc6 37. Rf7 Qd8 38. Qxh7 Ba6 39. Qxg6 Rd1+ 40. Kg2 Rxb1 41. Qxe6+ Kb5 42. a4+ Kb4 43. Qxe4+ Ka3 44. Qxb1 Qd5+ 45. Rf3 Be2 46. Qc1+ Kb3 47. Qb1+ 1/2-1/2

[Event "AUT-chT2M 0506"]
[Site "Austria"]
[Date "2005.10.08"]
[Round "1.1"]
[White "Tkaczuk, Rainer"]
[Black "Smole, Albert"]
[Result "1/2-1/2"]
[WhiteElo "2261"]
[BlackElo "2092"]
[PlyCount "65"]
[EventDate "2005.10.08"]
[EventType "team"]
[EventRounds "11"]
[EventCountry "AUT"]
[SourceTitle "EXT 2006"]
[Source "ChessBase"]
[SourceDate "2005.11.24"]
[SourceVersion "1"]
[SourceVersionDate "2005.11.24"]
[SourceQuality "1"]
[WhiteTeam "Ansfelden II"]
[BlackTeam "St Veit/Glan"]
[WhiteTeamCountry "AUT"]
[BlackTeamCountry "AUT"]

1. e4 e5 2. Nf3 Nf6 3. Nxe5 d6 4. Nf3 Nxe4 5. Bd3 Nf6 6. 0-0 Be7 7. h3 0-0 8. c3 b6 9. Bc2 Bb7 10. d4 Nbd7 11. Nbd2 Re8 12. a4 a5 13. Re1 c5 14. Nc4 Qc7 15. Bf4 Qc6 16. Ne3 g6 17. c4 d5 18. Nxd5 Nxd5 19. cxd5 Qc8 20. d6 Bf6 21. Rxe8+ Qxe8 22. Ng5 cxd4 23. Bb3 Bxg5 24. Bxg5 Qe5 25. Qg4 Nc5 26. Bc4 Qxd6 27. Rd1 Ne4 28. Bf4 Qf6 29. f3 Bc8 30. Be5 Bxg4 31. Bxf6 Bxf3 32. gxf3 Nxf6 33. Rxd4 1/2-1/2

[Event "AUT-chT2M 9900"]
[Site "Austria"]
[Date "2000.03.19"]
[Round "11.2"]
[White "Holzmann, Herbert"]
[Black "Tkaczuk, Rainer"]
[Result "0-1"]
[WhiteElo "2195"]
[BlackElo "2293"]
[PlyCount "80"]
[EventDate "1999.??.??"]
[EventType "team"]
[EventRounds "11"]
[EventCountry "AUT"]
[SourceTitle "EXT 2004"]
[Source "ChessBase"]
[SourceDate "2003.11.25"]
[SourceVersion "1"]
[SourceVersionDate "2003.11.25"]
[SourceQuality "1"]

1. e4 g6 2. d4 Bg7 3. Nc3 c6 4. f4 d5 5. Nf3 dxe4 6. Nxe4 Bg4 7. c3 Nd7 8. Bc4 Nh6 9. 0-0 0-0 10. Qe1 Bxf3 11. Rxf3 Nf5 12. Bb3 a5 13. Be3 a4 14. Bc2 Nxe3 15. Rxe3 Qb6 16. b4 axb3 17. axb3 Rxa1 18. Qxa1 c5 19. dxc5 Nxc5 20. Nxc5 Qxc5 21. Qe1 e5 22. b4 Qb6 23. fxe5 Bh6 24. Kf2 Rc8 25. Kf3 Bxe3 26. Qxe3 Qxe3+ 27. Kxe3 Rxc3+ 28. Bd3 Rb3 29. b5 Kf8 30. Kd4 b6 31. Kc4 Rb2 32. Be4 Ke7 33. Bd5 g5 34. h3 h6 35. Bc6 Ke6 36. Kd4 Rb4+ 37. Kc3 Ra4 38. Kd3 Kxe5 39. Ke3 Ra3+ 40. Kf2 Kf4 0-1

[Event "AUT-chT2M 9900"]
[Site "Austria"]
[Date "2000.03.18"]
[Round "10.2"]
[White "Tkaczuk, Rainer"]
[Black "Wegener, Dirk"]
[Result "0-1"]
[WhiteElo "2293"]
[BlackElo "2307"]
[PlyCount "82"]
[EventDate "1999.??.??"]
[EventType "team"]
[EventRounds "11"]
[EventCountry "AUT"]
[SourceTitle "EXT 2004"]
[Source "ChessBase"]
[SourceDate "2003.11.25"]
[SourceVersion "1"]
[SourceVersionDate "2003.11.25"]
[SourceQuality "1"]

1. e4 c5 2. Nf3 d6 3. Bb5+ Bd7 4. Bxd7+ Nxd7 5. 0-0 g6 6. c3 Ngf6 7. Qe2 Bg7 8. d4 e5 9. dxe5 dxe5 10. Na3 0-0 11. Nc4 Qc7 12. Bg5 b5 13. Bxf6 Nxf6 14. Ncxe5 Rae8 15. Qxb5 Rxe5 16. Nxe5 Qxe5 17. f4 Qxe4 18. Qxc5 Qb7 19. Rab1 Ne4 20. Qe3 f5 21. Rfd1 Rc8 22. h3 Bf6 23. Qd3 Qb6+ 24. Kh2 Bh4 25. Qd5+ Kf8 26. Rf1 Rd8 27. Qb3 Qxb3 28. axb3 Nd2 29. b4 Nxf1+ 30. Rxf1 Rd2 31. Ra1 Bf2 32. g4 Rxb2 33. gxf5 gxf5 34. Kh1 Bb6 35. Rd1 Ke7 36. Rd5 Ke6 37. Re5+ Kf6 38. Rd5 Rc2 39. Rd6+ Ke7 40. Rh6 Rxc3 41. Rxh7+ Ke6 0-1

[Event "AUT-chT2M 9900"]
[Site "Austria"]
[Date "2000.02.12"]
[Round "8.3"]
[White "Stocker, Andreas"]
[Black "Tkaczuk, Rainer"]
[Result "1/2-1/2"]
[WhiteElo "2179"]
[BlackElo "2293"]
[PlyCount "52"]
[EventDate "1999.??.??"]
[EventType "team"]
[EventRounds "11"]
[EventCountry "AUT"]
[SourceTitle "EXT 2004"]
[Source "ChessBase"]
[SourceDate "2003.11.25"]
[SourceVersion "1"]
[SourceVersionDate "2003.11.25"]
[SourceQuality "1"]

1. e4 g6 2. d4 Bg7 3. Nc3 c5 4. Nf3 cxd4 5. Nxd4 Nc6 6. Be3 Nf6 7. Be2 0-0 8. 0-0 d5 9. exd5 Nb4 10. Bf3 Nbxd5 11. Nxd5 Nxd5 12. Bg5 h6 13. Bh4 Nf4 14. c3 g5 15. Bg3 e5 16. Nb3 Qc7 17. Qc2 Be6 18. Rfd1 Rad8 19. Rxd8 Rxd8 20. Rd1 b6 21. Rd2 f5 22. Qd1 Rxd2 23. Qxd2 Ng6 24. Bd5 Bxd5 25. Qxd5+ Qf7 26. Qd8+ Qf8 1/2-1/2

[Event "AUT-chT2M 9899"]
[Site "Austria"]
[Date "1999.02.28"]
[Round "9"]
[White "Tkaczuk, Rainer"]
[Black "Opl, Klaus"]
[Result "1/2-1/2"]
[WhiteElo "2260"]
[BlackElo "2330"]
[PlyCount "56"]
[EventDate "1998.11.??"]
[EventType "team-swiss"]
[EventRounds "11"]
[EventCountry "AUT"]
[SourceTitle "EXT 2000"]
[Source "ChessBase"]
[SourceDate "1999.11.16"]
[SourceVersion "1"]
[SourceVersionDate "1999.11.16"]
[SourceQuality "1"]

1. e4 e5 2. Bc4 Nf6 3. d3 d5 4. exd5 Nxd5 5. Nc3 Nxc3 6. Qf3 Qf6 7. bxc3 Bd6 8. Qxf6 gxf6 9. Ne2 Nd7 10. Be3 Nb6 11. Bb3 Bd7 12. f4 Bc6 13. fxe5 fxe5 14. 0-0 Nd5 15. Bxd5 Bxd5 16. c4 Be6 17. Ng3 Kd7 18. Nf5 h5 19. Ng7 Rag8 20. Nxe6 Kxe6 21. Rae1 Rg4 22. Re2 Rh7 23. Ref2 Be7 24. Kh1 Rhg7 25. Re2 f6 26. h3 R4g6 27. d4 Kd7 28. dxe5 fxe5 1/2-1/2

[Event "AUT-chT2M 9899"]
[Site "Austria"]
[Date "1999.02.27"]
[Round "8"]
[White "Bensch, Patrick"]
[Black "Tkaczuk, Rainer"]
[Result "0-1"]
[WhiteElo "2255"]
[BlackElo "2260"]
[PlyCount "42"]
[EventDate "1998.11.??"]
[EventType "team-swiss"]
[EventRounds "11"]
[EventCountry "AUT"]
[SourceTitle "EXT 2000"]
[Source "ChessBase"]
[SourceDate "1999.11.16"]
[SourceVersion "1"]
[SourceVersionDate "1999.11.16"]
[SourceQuality "1"]

1. e4 g6 2. d4 Bg7 3. Nc3 c6 4. Bc4 Nf6 5. e5 Nd5 6. Qf3 0-0 7. Nxd5 cxd5 8. Bxd5 d6 9. exd6 Qxd6 10. c3 Nc6 11. Bf4 e5 12. Bxc6 bxc6 13. dxe5 Bxe5 14. Rd1 Qe6 15. Bxe5 Qxe5+ 16. Ne2 Ba6 17. Rd2 Rad8 18. Qe3 Qb8 19. Rxd8 Rxd8 20. 0-0 Re8 21. Qg3 Bxe2 0-1

[Event "AUT-chT2M 9899"]
[Site "Austria"]
[Date "1999.01.24"]
[Round "7"]
[White "Wuppinger, Manfred"]
[Black "Tkaczuk, Rainer"]
[Result "0-1"]
[WhiteElo "2185"]
[BlackElo "2260"]
[PlyCount "118"]
[EventDate "1998.11.??"]
[EventType "team-swiss"]
[EventRounds "11"]
[EventCountry "AUT"]
[SourceTitle "EXT 2000"]
[Source "ChessBase"]
[SourceDate "1999.11.16"]
[SourceVersion "1"]
[SourceVersionDate "1999.11.16"]
[SourceQuality "1"]

1. e4 g6 2. d4 Bg7 3. Be3 Nf6 4. Nc3 d5 5. e5 Ng4 6. Qf3 Nxe3 7. fxe3 c6 8. g4 h5 9. gxh5 Rxh5 10. Nge2 Qd7 11. Ng3 Rh4 12. Be2 Qg4 13. Qf2 Qg5 14. Rg1 Qh6 15. Nf1 Bf5 16. 0-0-0 Nd7 17. Kb1 0-0-0 18. Bd3 Bxd3 19. Rxd3 f5 20. Rxg6 Qxg6 21. Qxh4 Rh8 22. Qf2 Nf8 23. Ne2 Bh6 24. Nfg3 e6 25. Qe1 Bg5 26. Qb4 Qg7 27. Nf1 Ng6 28. Ra3 a6 29. c4 Be7 30. c5 Bd8 31. Rd3 Qh6 32. Rb3 Rh7 33. Qe1 Rf7 34. Qg3 Bh4 35. Qg2 Qh5 36. a3 Qg4 37. Neg3 f4 38. exf4 Nxf4 39. Qd2 Ne2 40. Ne3 Qg6+ 41. Ka2 Nxg3 42. hxg3 Bxg3 43. Qg2 Rg7 44. Qf3 Rg8 45. Rc3 Bxe5 46. dxe5 d4 47. Rc4 dxe3 48. Qxe3 Rd8 49. Rd4 Rd5 50. Rxd5 cxd5 51. Qc3 Qe4 52. Kb3 d4 53. Qg3 Qe3+ 54. Qxe3 dxe3 55. Kc3 Kc7 56. Kd3 Kc6 57. Kxe3 Kxc5 58. b3 Kd5 59. Kf4 Kd4 0-1

[Event "AUT-chT2M 9899"]
[Site "Austria"]
[Date "1999.01.23"]
[Round "6"]
[White "Tkaczuk, Rainer"]
[Black "Klundt, Klaus"]
[Result "1/2-1/2"]
[WhiteElo "2260"]
[BlackElo "2355"]
[PlyCount "52"]
[EventDate "1998.11.??"]
[EventType "team-swiss"]
[EventRounds "11"]
[EventCountry "AUT"]
[SourceTitle "EXT 2000"]
[Source "ChessBase"]
[SourceDate "1999.11.16"]
[SourceVersion "1"]
[SourceVersionDate "1999.11.16"]
[SourceQuality "1"]

1. e4 c5 2. Nf3 Nc6 3. Bb5 g6 4. 0-0 Bg7 5. Re1 Nf6 6. e5 Nd5 7. Nc3 Nc7 8. Bxc6 dxc6 9. Ne4 Ne6 10. d3 0-0 11. Be3 b6 12. Qd2 Re8 13. Bh6 Bh8 14. Ng3 Nd4 15. Nxd4 cxd4 16. b3 Qd5 17. Bf4 c5 18. a4 Bb7 19. f3 Rac8 20. Re2 Rc6 21. Rae1 Re6 22. h4 Rd8 23. Ne4 Rc6 24. Bg5 Re6 25. Bf4 Rc6 26. Bg5 Re6 1/2-1/2

[Event "AUT-chT2M 9899"]
[Site "Austria"]
[Date "1998.12.12"]
[Round "4"]
[White "Tkaczuk, Rainer"]
[Black "Wukits, Rene"]
[Result "1-0"]
[WhiteElo "2260"]
[BlackElo "2230"]
[PlyCount "43"]
[EventDate "1998.11.??"]
[EventType "team-swiss"]
[EventRounds "11"]
[EventCountry "AUT"]
[SourceTitle "EXT 2000"]
[Source "ChessBase"]
[SourceDate "1999.11.16"]
[SourceVersion "1"]
[SourceVersionDate "1999.11.16"]
[SourceQuality "1"]

1. e4 c5 2. Nf3 d6 3. Bb5+ Nd7 4. 0-0 a6 5. Bxd7+ Bxd7 6. h3 Nf6 7. e5 dxe5 8. Nxe5 Be6 9. Nc3 g6 10. d3 Bg7 11. Re1 0-0 12. Bf4 Qb6 13. Qd2 Rac8 14. a4 a5 15. b3 Rfd8 16. Rad1 Qb4 17. Nc4 Bxc4 18. bxc4 Nh5 19. Be5 Bxe5 20. Rxe5 Rd7 21. Rb1 Qxc4 22. Rxh5 1-0

[Event "AUT-chT2M 9899"]
[Site "Austria"]
[Date "1998.11.28"]
[Round "2"]
[White "Kaiser, Wolfgang"]
[Black "Tkaczuk, Rainer"]
[Result "1/2-1/2"]
[WhiteElo "2395"]
[BlackElo "2260"]
[PlyCount "52"]
[EventDate "1998.11.??"]
[EventType "team-swiss"]
[EventRounds "11"]
[EventCountry "AUT"]
[SourceTitle "EXT 2000"]
[Source "ChessBase"]
[SourceDate "1999.11.16"]
[SourceVersion "1"]
[SourceVersionDate "1999.11.16"]
[SourceQuality "1"]

1. Nf3 c5 2. g3 b6 3. Bg2 Bb7 4. c4 Nf6 5. 0-0 e6 6. Nc3 d6 7. b3 Nbd7 8. Bb2 Be7 9. Rc1 a6 10. d4 cxd4 11. Nxd4 Bxg2 12. Kxg2 Qc7 13. e3 0-0 14. Qe2 Rfe8 15. Rfd1 Rac8 16. Kg1 Bf8 17. Qf3 Ne5 18. Qg2 h5 19. h3 g6 20. Kh1 Bg7 21. Ndb5 axb5 22. Nxb5 Qc6 23. Nxd6 Nf3 24. Bxf6 Bxf6 25. Nxe8 Rxe8 26. b4 g5 1/2-1/2

[Event "AUT-chT2O 9798"]
[Site "Austria"]
[Date "1998.??.??"]
[Round "9"]
[White "Schirmbeck, Hannes"]
[Black "Tkaczuk, Rainer"]
[Result "1-0"]
[WhiteElo "2150"]
[BlackElo "2245"]
[PlyCount "69"]
[EventDate "1997.??.??"]
[EventType "team"]
[EventRounds "13"]
[EventCountry "AUT"]
[SourceTitle "EXT 1999"]
[Source "ChessBase"]
[SourceDate "1998.11.16"]
[SourceVersion "1"]
[SourceVersionDate "1998.11.16"]
[SourceQuality "1"]

1. e4 g6 2. d4 Bg7 3. Nc3 d6 4. Be3 c6 5. a4 Nf6 6. h3 Qa5 7. Bd3 Na6 8. Nge2 0-0 9. 0-0 Nb4 10. f4 e5 11. Qd2 Nxd3 12. cxd3 exd4 13. Nxd4 Bd7 14. f5 Rae8 15. b4 Qxb4 16. Rab1 Qa5 17. Rxb7 Qa6 18. Rbb1 d5 19. Nb3 Bc8 20. Bc5 dxe4 21. Bxf8 e3 22. Qa2 Rxf8 23. fxg6 Qxd3 24. gxf7+ Kh8 25. Rbc1 Be6 26. Qa3 Qg6 27. Ne2 Nd5 28. Rxc6 Rxf7 29. Qc1 Ne7 30. Ra6 Rf2 31. Nf4 Qg3 32. Rxe6 Qxf4 33. Rxe7 Qg5 34. Re8+ Bf8 35. Rxf8+ 1-0

[Event "AUT-chT2O 9798"]
[Site "Austria"]
[Date "1997.11.09"]
[Round "3"]
[White "Sulyok, Michael"]
[Black "Tkaczuk, Rainer"]
[Result "1/2-1/2"]
[WhiteElo "2220"]
[BlackElo "2245"]
[PlyCount "127"]
[EventDate "1997.??.??"]
[EventType "team"]
[EventRounds "13"]
[EventCountry "AUT"]
[SourceTitle "EXT 1999"]
[Source "ChessBase"]
[SourceDate "1998.11.16"]
[SourceVersion "1"]
[SourceVersionDate "1998.11.16"]
[SourceQuality "1"]

1. c4 g6 2. Nc3 Bg7 3. d4 c5 4. e3 Nf6 5. Nf3 0-0 6. h3 cxd4 7. exd4 d5 8. Bg5 Ne4 9. Be3 Nxc3 10. bxc3 Nc6 11. cxd5 Qxd5 12. Be2 Qa5 13. Bd2 e5 14. 0-0 exd4 15. cxd4 Qd5 16. Be3 Be6 17. Qb1 Rfd8 18. Rd1 Rd7 19. Bb5 Bxh3 20. Qb3 Be6 21. Qxd5 Bxd5 22. Ne5 Rd6 23. Nxc6 bxc6 24. Ba4 Rad8 25. a3 Be4 26. Rdc1 Bxd4 27. Bxd4 Rxd4 28. Bxc6 Bxc6 29. Rxc6 Ra4 30. Rc3 Rd2 31. Rb1 Rf4 32. f3 Rd7 33. Rb4 Rxb4 34. axb4 Rb7 35. Ra3 h5 36. Kf2 Re7 37. b5 Kg7 38. Ra6 Re5 39. Rxa7 Rxb5 40. Kg3 Rb4 41. Kh3 g5 42. Rc7 Rb3 43. Ra7 Kg6 44. Ra5 f6 45. Kg3 Rb2 46. Kh3 h4 47. Ra6 Rb1 48. g3 Rb3 49. Kg4 Rb2 50. gxh4 Rb4+ 51. Kh3 gxh4 52. Ra8 Kg5 53. Rg8+ Kf5 54. Rh8 Rb1 55. Kg2 Rb2+ 56. Kh3 Kf4 57. Rxh4+ Kxf3 58. Ra4 f5 59. Ra3+ Kf2 60. Ra4 Rb3+ 61. Kh4 Rf3 62. Ra2+ Ke3 63. Ra3+ Ke4 64. Ra4+ 1/2-1/2

[Event "Donau op-A 05th"]
[Site "Aschach"]
[Date "1996.??.??"]
[Round "4"]
[White "Balinov, Ilia"]
[Black "Tkaczuk, Rainer"]
[Result "1/2-1/2"]
[WhiteElo "2360"]
[BlackElo "2235"]
[PlyCount "79"]
[EventDate "1996.12.??"]
[EventType "swiss"]
[EventRounds "7"]
[EventCountry "AUT"]
[SourceTitle "EXT 1998"]
[Source "ChessBase"]
[SourceDate "1997.11.17"]
[SourceVersion "1"]
[SourceVersionDate "1997.11.17"]
[SourceQuality "1"]

1. e4 g6 2. d4 Bg7 3. c3 d6 4. Nf3 Nf6 5. Bd3 0-0 6. 0-0 Nc6 7. d5 Nb8 8. c4 c6 9. Nc3 Nbd7 10. Rb1 a5 11. a3 Re8 12. h3 e6 13. dxc6 bxc6 14. b4 axb4 15. axb4 c5 16. b5 Bb7 17. Re1 Nb6 18. Qc2 d5 19. exd5 exd5 20. Rxe8+ Nxe8 21. Nxd5 Nxd5 22. cxd5 Bxd5 23. Be4 Bxe4 24. Qxe4 Nd6 25. Qd5 Nxb5 26. Qc4 Qd1+ 27. Kh2 Nc3 28. Rb7 Qd5 29. Qxd5 Nxd5 30. Rd7 Nf6 31. Rc7 Ne4 32. g3 Bf8 33. Ng5 Nxf2 34. Nxf7 Ra2 35. Bf4 Nd3+ 36. Kh1 Nxf4 37. gxf4 Rf2 38. Ng5 Rxf4 39. Ne6 Rf6 40. Nxf8 1/2-1/2

[Event "AUT-chT2O 9596"]
[Site "Austria"]
[Date "1995.??.??"]
[Round "4"]
[White "Holzer, Gerhard"]
[Black "Tkaczuk, Rainer"]
[Result "0-1"]
[WhiteElo "2200"]
[BlackElo "2235"]
[PlyCount "114"]
[EventDate "1995.??.??"]
[EventType "team"]
[EventRounds "11"]
[EventCountry "AUT"]
[SourceTitle "EXT 1999"]
[Source "ChessBase"]
[SourceDate "1998.11.16"]
[SourceVersion "1"]
[SourceVersionDate "1998.11.16"]
[SourceQuality "1"]

1. e4 g6 2. d4 Bg7 3. c3 d6 4. Bd3 e5 5. dxe5 dxe5 6. Nf3 Bg4 7. h3 Bxf3 8. Qxf3 Nd7 9. 0-0 Qf6 10. Qe2 Bh6 11. Nd2 Ne7 12. Bb5 0-0-0 13. Qg4 c6 14. Be2 Kb8 15. b4 Nf8 16. Qf3 Qxf3 17. Nxf3 Bxc1 18. Rfxc1 f6 19. Bc4 Nc8 20. Rc2 Kc7 21. Re1 h5 22. a4 Rh7 23. Kf1 Rhd7 24. Bb3 Rd1 25. Rxd1 Rxd1+ 26. Ke2 Rd7 27. Rc1 Kd6 28. Rg1 Ne6 29. g3 Rg7 30. Nd2 Ke7 31. Ke3 g5 32. Bd1 Rh7 33. Nf3 Nd6 34. Be2 Rh8 35. Bd3 Ra8 36. a5 c5 37. Rc1 Rc8 38. Kd2 g4 39. hxg4 hxg4 40. Nh2 Ng5 41. b5 c4 42. Bb1 Ngxe4+ 43. Bxe4 Nxe4+ 44. Ke3 Nd6 45. Nxg4 Nxb5 46. f4 Rg8 47. Nh6 Rxg3+ 48. Kf2 Rxc3 49. Re1 Rc2+ 50. Kg3 Kd6 51. Nf7+ Kc5 52. fxe5 fxe5 53. Rxe5+ Kb4 54. Nd8 Rd2 55. Nxb7 c3 56. Re4+ Rd4 57. Re2 Rc4 0-1